Fichte
Elmentve itt :
| Szerző: | |
|---|---|
| Adatforrás: | Philobibl |
| Forrásdokumentuma: | Korunk 30.2019:8. p. 57-63. |
| Dokumentumtípus: | Cikk |
| Nyelv: | magyar |
| Kulcsszavak: | filozófia, mémet Fichte, J-G. tudományelmélet logika szabadság én |
| Online elérés: | szabadon hozzáférhető |
| LEADER | 00555nab a2200181 c 4500 | ||
|---|---|---|---|
| 001 | bibPHI00000056 | ||
| 005 | 20230130150651.9 | ||
| 008 | 210924s2019 rm 00010 hun d | ||
| 100 | 1 | |a Lendvai L. Ferenc | |
| 245 | 1 | 0 | |a Fichte |c Lendvai L. Ferenc |
| 695 | |a filozófia, mémet | ||
| 695 | |a Fichte, J-G. | ||
| 695 | |a tudományelmélet | ||
| 695 | |a logika | ||
| 695 | |a szabadság | ||
| 695 | |a én | ||
| 773 | 0 | |t Korunk |g 30.2019:8. p. 57-63. | |
| 856 | 4 | 1 | |3 Full text |u https://epa.oszk.hu/00400/00458/00657/pdf/EPA00458_korunk-2019-08_057-063.pdf |z szabadon hozzáférhető |